000 00479nam a2200181Ia 4500
001 9351
005 20260306161712.0
008 260306t2014||||xx |||||||||||||| ||spa||
041 _aESP
082 _a378.125
_bA51
100 _aAlzate Piedrahíta, María Victoria
_eAUT
245 0 _aEnseñar en la universidad:
_bsaberes, prácticas y textualidad
260 _c2014
300 _avii, 170 páginas :
_c24 cm.
650 _aGEN
654 _aCED
942 _cLIB
_dJUS
_fJUS
_2ddc
_n
999 _c9351
_d9351